Rozchod Otáčaš si ma ako mincu ... ; www.fakty .sk

Bibliographic Details
Main Author: Kaščáková, Silvia, 1976- (Author)
Format: Article
Language:Slovak
ISSN:1335-1702
Subjects:

MARC

LEADER 00000nab a2200000 a 4500
001 vtls009005918
003 SK-MaSNL
005 20260303065716.0
008 140527c2007 xo mr|p|||||||000 b|slo
015 |a SNBRB2007/07  |2 snkbucl 
038 |a SNKBUCL 
040 |a SNKBUCL  |b slo  |c SNKBUCL  |e AACR2 
041 0 |a slo 
044 |a xo  |c SK 
080 |a 821.162.4-1  |2 1997 
100 1 |a Kaščáková, Silvia,  |d 1976-  |4 aut  |9 103421 
245 1 0 |a Rozchod  |b Otáčaš si ma ako mincu ... ; www.fakty .sk  |c Silvia Kaščáková 
650 0 7 |a básnické miniatúry, slovenské  |2 snkbucl  |9 770900 
650 0 7 |a lyrické básne, slovenské  |2 snkbucl  |9 28980 
773 0 |t RAK  |g Roč. XII, č. 2 (2007), s. 33  |x 1335-1702 
852 |a SNK  |b KIS3GCP 
958 |a LX 
958 |a SK 
999 |c 1752310  |d 1754240